000 00381 a2200121 4500
001 ART_2511
005 20260410161727.0
008 260409a
245 1 0 _aDecisiones de inversión en condiciones de incertidumbre
100 1 _aMao, James C.T.
700 1 _aHelliwell, John F.
773 0 _tAdministración de empresas
_g- Año 4, Nº 45 (dic. 1973)
_wREV2036
999 _c17466
_d17466